Porovnanie výnosovosti pokladničných poukážok na rôznych trhoch

Vymedzenie pojmu pokladničné poukážky podľa paragrafu 3, zákona č. 566/2001 Z.z. o cenných papieroch. Investovanie do pokladničných poukážok. Prístupy k oceňovaniu pokladničných poukážok. Porovnanie výnosov do pokladničných poukážok.

Saved in:
Bibliographic Details
Main Author: Hrvoľová, Božena
Other Authors: Haruštiak, Lukáš
Format: Book Chapter
Language:Slovak
Subjects:
Tags: Add Tag
No Tags, Be the first to tag this record!

MARC

LEADER 00000naa$a2200000$$$4500
001 0058349
005 20240502071643.9
041 0 |a slo 
044 |a SK 
245 1 0 |a Porovnanie výnosovosti pokladničných poukážok na rôznych trhoch  |c Božena Hrvoľová, Lukáš Haruštiak 
520 |a Vymedzenie pojmu pokladničné poukážky podľa paragrafu 3, zákona č. 566/2001 Z.z. o cenných papieroch. Investovanie do pokladničných poukážok. Prístupy k oceňovaniu pokladničných poukážok. Porovnanie výnosov do pokladničných poukážok. 
610 2 0 |a papiere cenné 
610 2 0 |a poukážky pokladničné 
610 2 0 |a trh finančný 
610 2 0 |a oceňovanie 
610 2 0 |a výnosy 
100 1 |a Hrvoľová, Božena 
700 1 |a Haruštiak, Lukáš